Star Wars - All Named Clones I Found - Statistics

General Stats
  • This quiz has been taken 359 times
    350 since last reset
  • The average score is 41 of 152
Answer Stats
Answer % Correct
Rex
99%
Cody
96%
Fives
94%
Echo
92%
Hunter
81%
Wrecker
79%
Tech
77%
Crosshair
75%
Gree
73%
Fox
72%
Waxer
71%
Boil
70%
Wolffe
69%
Bly
68%
Hardcase
66%
Jesse
64%
Hevy
62%
Omega
62%
Tup
62%
Appo
61%
Kix
61%
99
58%
Dogma
58%
Cutup
57%
Droidbait
57%
Gregor
53%
Thorn
51%
Ponds
50%
Thire
44%
Bacara
43%
Odd Ball
43%
Doom
41%
Hawk
41%
Keeli
40%
Jek
39%
Neyo
39%
Slick
37%
Colt
35%
Sinker
35%
Stone
35%
Boost
33%
Denal
33%
Lucky
33%
Matchstick
33%
Rys
32%
Boba Fett
31%
Howzer
31%
Scorch
31%
Axe
30%
Blitz
30%
Vaughn
30%
Jet
29%
Redeye
29%
Sev
29%
Boss
28%
Blackout
27%
Hound
27%
Trap
27%
Warthog
27%
Hammer
26%
Hawkeye
26%
Mixer
26%
Monnk
26%
O'Niner
26%
Alpha
25%
Comet
25%
Crys
25%
Fil
25%
Fixer
25%
Oz
25%
Havoc
24%
Ox
24%
Ringo
24%
Trapper
24%
Broadside
23%
Chopper
23%
Longshot
23%
Charger
22%
Trauma
21%
Wooley
21%
Fordo
20%
Cut Lawquane
19%
Lock
19%
Zak
19%
Buzz
18%
Flash
18%
Jester
18%
Kosmos
18%
Ridge
17%
Silver
17%
Cameron
16%
Kickback
16%
Nub
16%
Tucker
16%
Edge
15%
Gearshift
15%
Gus
14%
Koho
14%
Scythe
14%
Sketch
14%
Slammer
14%
Spark
14%
Bel
13%
Del
13%
Draa
13%
Killer
13%
Punch
13%
Goji
12%
Pulsar
12%
Sterling
12%
Swoop
12%
Mack
11%
Razor
11%
Stak
11%
Tag
10%
Engle
9%
Galle
9%
Rod
8%
Threepwood
8%
Able-472
7%
Crasher
7%
Coric
6%
Mag
6%
Tracer
6%
Zeer
6%
Kano
5%
Attie
4%
Breaker
4%
Cooker
4%
Nax
4%
Shiv
4%
Sister
4%
Cards
3%
Corvis
3%
Jinx
3%
Skipper
3%
Sticks
3%
Toomer
3%
Vaize
3%
Ince
2%
Jorir
2%
Lunn
2%
Trigger
2%
Ayar
1%
Flak
1%
Ged
1%
Gett
1%
Hez
1%
Jai'Galaar
1%
Kagi
1%
Klick
1%
Vere
1%
No matching quizzes found
Score Distribution
Percent of People with Each Score
Percentile by Number Answered
Your Score History
You have not taken this quiz since the last reset